| 000 | 00000nam##2200000za#4500 |
| 001 | 9.618637 |
| 003 | CaOODSP |
| 005 | 20210615102946 |
| 007 | ta |
| 008 | 150406|2007||||xxc||||| f|0| 0 eng|d |
| 022 | |a0706-6457 |
| 040 | |aCaOODSP|beng |
| 043 | |an-cn--- |
| 086 | 1 |aFs97-6/2759E |
| 110 | 1 |aCanada. |bDepartment of Fisheries and Oceans. |
| 245 | 10|aContrasting space and food use among three species of juvenile Pacific salmon (oncorhychus) cohabiting tidal marsh channels of a large estuary / |cby C. Magnhagen, T.G. Northcote and R.S. Gregory. |
| 260 | |aSt. John's - Newfoundland and Labrador : |bFisheries and Oceans Canada |c2007. |
| 300 | |avii, 24p. : |bgraphs, map, references, tables ; |c28 cm. |
| 490 | 1 |aCanadian technical report of fisheries and aquatic sciences|x0706-6457|v2759 |
| 500 | |a"Science Branch, Fisheries and Oceans Canada, P.O. Box 5667, St. John's NL A1C 5X1". |
| 520 | 3 |aThis report is part of a series containing scientific and technical information that widens existing scientific knowledge but is not considered appropriate for publication in the primary literature. The research covers such subjects as ecosystem models, methods for enhancing aquaculture, commercial fishing equipment, and environmental threats to aquatic quality and fisheries resources. Includes tables, graphs, and charts. |
| 546 | |a(Résumé en français.) |
| 563 | |aSpiral binding |
| 590 | |a08-04|b2008-01-25 |
| 690 | 07|aAnimal nutrition|2gcpds |
| 690 | 07|aAquatic ecosystems|2gcpds |
| 690 | 07|aSalt water fish|2gcpds |
| 690 | 07|aWestern provinces|2gcpds |
| 720 | 1 |aMagnhagen, C |
| 720 | 1 |aNorthcote, T. G. |
| 720 | 1 |aGregory, R. S. |
| 776 | 0#|tContrasting space and food use among three species of juvenile Pacific salmon (Oncorhynchus) cohabiting tidal marsh channels of a large estuary / |w(CaOODSP)9.574369 |
| 830 | #0|aCanadian technical report of fisheries and aquatic sciences,|x0706-6457|v2759|w(CaOODSP)9.514691 |